000 00650nam a2200241Ia 4500
003 OSt
005 20220924150037.0
006 a|||||r|||| 00| 0
007 ta
008 220923b |||||||| |||| 00| 0 per d
024 _a331595
037 _cTextual
040 _aARTS
_cARTS
_bper
041 _2per
_aper
082 _aV45.M1, 164M5
100 _aFrancisvi Au.
_9221157
245 0 _aDilawaran gumnam-e-Iran
260 _c1985
650 _aIRAN - HISTORY
700 _a Mansoori Zabeehullah Tr.
_9221067
942 _hV45.M1, 164M5
_cTEXL
_2CC
999 _c462062
_d462062